| 000 | 00758nam a22002537a 4500 | ||
|---|---|---|---|
| 999 |
_c3922 _d3922 |
||
| 003 | AR-CdUCM | ||
| 008 | 190307b ||||| |||| 00| 0 spa d | ||
| 020 | _a84-8280-104-X | ||
| 020 | _a84-8280-105-8 | ||
| 040 |
_aMUNICIPALIDAD PROVINCIAL DEL CUSCO _cBIBLIOTECA MUNICIPAL DEL CUSCO |
||
| 041 | _hrus | ||
| 082 |
_a803.08 / _bD93 |
||
| 100 |
_aDostoievski, Fedor _910078 |
||
| 245 | _aCrimen y castigo / | ||
| 260 |
_aBogotá : _bLa oveja Negra, _c1983. |
||
| 300 |
_a2 tomos ; _c19 cm. |
||
| 440 |
_aHistoria universal de la literatura. _n4-5 _912569 |
||
| 650 |
_aNovelas rusas _92132 |
||
| 650 |
_aSiglo XIX _9971 |
||
| 650 |
_aTraducciones al español _91053 |
||
| 700 |
_aVidal, Augusto (traductor) _912570 |
||
| 942 |
_2ddc _cLIBROS |
||
| 945 | _azta | ||